Normal view
MARC view
- Farooqui, Adil
Entry Personal Name
001 - CONTROL NUMBER
- control field: 126201
003 - CONTROL NUMBER IDENTIFIER
- control field: NUST
005 - DATE AND TIME OF LATEST TRANSACTION
- control field: 20241002111506.0
008 - FIXED-LENGTH DATA ELEMENTS
- fixed length control field: 241002|| aca||aabn | a|a d
040 ## - CATALOGING SOURCE
- Original cataloging agency: NUST
- Transcribing agency: NUST
100 ## - HEADING--PERSONAL NAME
- Personal name: Farooqui, Adil
670 ## - SOURCE DATA FOUND
- Source citation: Work cat.: (NUST): Cvetnic, William 126200, USMLE Step 3 Supplemental Cases for Self-Study, 2020.
